<?xml version="1.0" encoding="UTF-8"?>
<collection xmlns="http://www.loc.gov/MARC21/slim">
  <record>
    <leader>00000nam  2200000   4500</leader>
    <controlfield tag="001">INLIS000000000062136</controlfield>
    <controlfield tag="005">20230530080552</controlfield>
    <datafield tag="035" ind1="#" ind2="#">
      <subfield code="a">0010-0523000076</subfield>
    </datafield>
    <controlfield tag="007">ta</controlfield>
    <controlfield tag="008">230530###########################0######</controlfield>
    <datafield tag="082" ind1="#" ind2="#">
      <subfield code="a">912,598 625</subfield>
    </datafield>
    <datafield tag="084" ind1="#" ind2="#">
      <subfield code="a">912,598 625 DOM d</subfield>
    </datafield>
    <datafield tag="245" ind1="1" ind2="#">
      <subfield code="a">Dompu Regency West Nusa Tenggara</subfield>
    </datafield>
    <datafield tag="260" ind1="#" ind2="#">
      <subfield code="a">Dompu :</subfield>
      <subfield code="b">Departement Of Tourism, Art and Culture Dompu Regency,</subfield>
      <subfield code="c">2007</subfield>
    </datafield>
    <datafield tag="300" ind1="#" ind2="#">
      <subfield code=":"/>
      <subfield code="b">ilus ;</subfield>
      <subfield code="c">20 cm</subfield>
      <subfield code="e">Lain-lain</subfield>
    </datafield>
    <datafield tag="650" ind1="#" ind2="4">
      <subfield code="a">Dompu - Wisata</subfield>
    </datafield>
    <datafield tag="110" ind1="#" ind2="#">
      <subfield code="a">Dompu Pemerintah Kab</subfield>
    </datafield>
    <datafield tag="990" ind1="#" ind2="#">
      <subfield code="a">02970297</subfield>
    </datafield>
    <datafield tag="990" ind1="#" ind2="#">
      <subfield code="a">462/42/2013</subfield>
    </datafield>
  </record>
</collection>
